000 00410pab a2200157 454500
008 180718b1956 xxu||||| |||| 00| 0 eng d
100 _aUrwick, Lyndall
245 _aPublic administration and scientific management
260 _c1956
300 _ap.18-21.
362 _aJan-Mar
650 _aPublic administration
773 _aIndian Journal of Public Administration
908 _aN
909 _a100640
999 _c100639
_d100639